Name the aesthetic - Statistics

General Stats
  • This quiz has been taken 84 times
  • The average score is 6 of 16
Answer Stats
Picture Answer % Correct
Y2K / Cybercore
72%
Cottagecore
69%
Frutiger Aero
57%
Weirdcore
57%
Dreamcore
51%
Scene
51%
Kidcore
46%
Cyberpunk
40%
Vaporwave
39%
Frutiger Metro
36%
McBling
22%
Synthwave
21%
Solarpunk
16%
Frutiger Aurora
10%
Helvetica Aqua Aero
4%
Dullcore
3%
No matching quizzes found
Score Distribution
Percent of People with Each Score
Percentile by Number Answered
Your Score History
You have not taken this quiz